Normal view
MARC view
- WIDEBAND WIRLESS DIGITAL COMMUNICATIONS
Entry Topical Term
001 - CONTROL NUMBER
- control field: 69636
003 - CONTROL NUMBER IDENTIFIER
- control field: NUST
005 - DATE AND TIME OF LATEST TRANSACTION
- control field: 20210628204253.0
008 - FIXED-LENGTH DATA ELEMENTS
- fixed length control field: 210628|| aca||aabn | a|a d
040 ## - CATALOGING SOURCE
- Original cataloging agency: NUST
- Transcribing agency: NUST
150 ## - HEADING--TOPICAL TERM
- Topical term or geographic name entry element: WIDEBAND WIRLESS DIGITAL COMMUNICATIONS
670 ## - SOURCE DATA FOUND
- Source citation: Work cat.: (NUST): Molisch, Andreas.F 57983, Wideband wirless digital communications, 2001
